Účtovníctvo v poisťovniach

Na minha lista:
Detalhes bibliográficos
Autor principal: Majtánová, Anna
Autor Corporativo: Ekonomická univerzita v Bratislave. Národohospodárska fakulta
Outros Autores: Bozsnyáková, Erika, 1972-, Pospíšilová, Pavla
Formato: Livro
Idioma:eslovaco
Publicado em: Bratislava Vydavateľstvo Ekonóm 1997
Assuntos:
Tags: Adicionar Tag
Sem tags, seja o primeiro a adicionar uma tag!

MARC

LEADER 00000nam a2200000 4500
001 c100019
005 20240502071313.6
020 |a 80-225-0925-6 
041 0 |a slo 
044 |a SK 
245 1 0 |a Účtovníctvo v poisťovniach  |c Anna Majtánová, Erika Bozsnyáková, Pavla Pospíšilová 
264 1 |a Bratislava  |b Vydavateľstvo Ekonóm  |c 1997 
300 |a 159 s. 
610 2 0 |a účtovníctvo 
610 2 0 |a poisťovne 
610 2 0 |a účtovanie 
100 1 |a Majtánová, Anna 
700 1 |a Bozsnyáková, Erika, 1972- 
700 1 |a Pospíšilová, Pavla 
710 2 |a Ekonomická univerzita v Bratislave. Národohospodárska fakulta